Start-up nation <the> story of Israel's economic miracle : a council on foreign relations book

Guardado en:
Detalles Bibliográficos
Autor principal: Senor, Dan
Otros Autores: Singer, Saul
Formato: Libro
Lenguaje:inglés
Publicado: New York Twelve 2011
Materias:
Etiquetas: Agregar Etiqueta
Sin Etiquetas, Sea el primero en etiquetar este registro!

MARC

LEADER 00000nam a2200000 4500
001 0217125
005 20240306140442.1
020 |a 978-0-446-54146-6 
041 0 |a eng 
044 |a US 
245 1 0 |a Start-up nation  |b <the> story of Israel's economic miracle : a council on foreign relations book  |c Dan Senor and Saul Singer 
264 1 |a New York  |b Twelve  |c 2011 
300 |a xvi, 309 s. 
610 2 0 |a inovácia 
610 2 0 |a start-up 
610 2 0 |a rozvoj technický 
610 2 0 |a rozvoj vedeckotechnický 
610 2 0 |a imigrácia 
610 2 0 |a podmienky hospodárske 
610 2 0 |a Izrael 
100 1 |a Senor, Dan 
700 1 |a Singer, Saul